[Event "BUL-chT"]
[Site "Sofia"]
[Date "1991.??.??"]
[Round "2"]
[White "Atanasov, Petko"]
[Black "Semkov, Semko"]
[Result "1/2-1/2"]
[WhiteElo "2370"]
[BlackElo "2460"]
[PlyCount "123"]
[EventDate "1991.??.??"]
[EventType "team"]
[EventRounds "11"]
[EventCountry "BUL"]
[SourceTitle "EXT 1997"]
[Source "ChessBase"]
[SourceDate "1996.11.15"]
[SourceVersion "1"]
[SourceVersionDate "1996.11.15"]
[SourceQuality "1"]

1. d4 Nf6 2. c4 e6 3. Nf3 d5 4. e3 dxc4 5. Bxc4 c5 6. 0-0 a6 7. dxc5 Qxd1 8. Rxd1 Bxc5 9. a3 Ke7 10. b4 Bd6 11. Bb2 b5 12. Be2 Bb7 13. Ne5 Rd8 14. Nd2 Nbd7 15. Ndf3 Nxe5 16. Nxe5 Rac8 17. Bf3 Bxf3 18. gxf3 Rc2 19. Bd4 Nd5 20. Rdc1 Rdc8 21. Rxc2 Rxc2 22. f4 f6 23. Nd3 Rd2 24. Nc5 Nxf4 25. Ne4 Ne2+ 26. Kf1 Rc2 27. Bc5 Bxc5 28. Nxc5 Nc3 29. Kg2 f5 30. Nxa6 Ne4 31. Rf1 Rc6 32. Nc5 Nxc5 33. bxc5 Rxc5 34. Rb1 g5 35. Rb4 h5 36. a4 bxa4 37. Rxa4 Rc2 38. Ra8 h4 39. h3 Rd2 40. Rh8 Rd8 41. Rh7+ Kf6 42. Rh6+ Kf7 43. Kf1 e5 44. Kg2 e4 45. Ra6 Re8 46. Rb6 Re6 47. Rb5 Kf6 48. Ra5 Kg6 49. Ra8 f4 50. exf4 gxf4 51. Ra5 Re7 52. Kf1 f3 53. Ke1 Rd7 54. Rb5 Rd4 55. Ra5 Kf6 56. Rh5 Ke6 57. Rxh4 Kd5 58. Rh8 Kc4 59. Ra8 Kd3 60. Ra2 Kc3 61. Ra3+ Kb2 62. Ra8 1/2-1/2

[Event "Berlin Empor op"]
[Site "Berlin East"]
[Date "1989.??.??"]
[Round "?"]
[White "Sveshnikov, Evgeny"]
[Black "Atanasov, Petko"]
[Result "1-0"]
[WhiteElo "2435"]
[BlackElo "2350"]
[PlyCount "137"]
[EventDate "1989.??.??"]
[EventType "swiss"]
[EventRounds "9"]
[EventCountry "GER"]
[SourceTitle "EXT 2002"]
[Source "ChessBase"]
[SourceDate "2001.11.25"]
[SourceVersion "1"]
[SourceVersionDate "2001.11.25"]
[SourceQuality "1"]

1. e4 e6 2. d4 d5 3. e5 c5 4. c3 Nc6 5. Nf3 Bd7 6. Be2 f6 7. 0-0 Qc7 8. Bf4 0-0-0 9. Bg3 Qb6 10. Qc1 fxe5 11. Nxe5 Nxe5 12. Bxe5 Nf6 13. b4 c4 14. a4 Bd6 15. a5 Qc7 16. Qe3 Kb8 17. Nd2 Bc8 18. Rae1 Bxe5 19. dxe5 Ng8 20. Bg4 Ne7 21. f4 h5 22. Bh3 d4 23. cxd4 Nd5 24. Qa3 c3 25. Rc1 Rhf8 26. g3 g5 27. Ne4 gxf4 28. Nxc3 Qc4 29. Rfd1 fxg3 30. Nxd5 gxh2+ 31. Kh1 Qxd5+ 32. Bg2 Qd7 33. b5 Rg8 34. Qc3 Rg7 35. Rd2 Qxb5 36. d5 Qd7 37. d6 a6 38. Rdc2 Rdg8 39. Qf3 Qb5 40. Rc5 Qb4 41. R5c4 Qb5 42. Rc5 Qd7 43. R1c2 Qf7 44. Qxf7 Rxf7 45. Kxh2 Rfg7 46. Rc7 Rxc7 47. Rxc7 Rg5 48. Re7 Ka7 49. d7 Bxd7 50. Rxd7 Ka8 51. Bxb7+ Kb8 52. Bxa6 Rxe5 53. Rb7+ Ka8 54. Rb5 Re2+ 55. Kg3 Ka7 56. Bb7 Rc2 57. a6 Rc3+ 58. Kh4 Re3 59. Kxh5 e5 60. Kg4 Re1 61. Kf3 e4+ 62. Kf2 Rc1 63. Re5 Rd1 64. Rxe4 Rd8 65. Ke3 Kb6 66. Rd4 Rh8 67. Rd6+ Ka7 68. Be4 Rg8 69. Bd3 1-0

[Event "BUL it"]
[Site "Bulgaria"]
[Date "1988.??.??"]
[Round "?"]
[White "Tosic, Miroslav"]
[Black "Atanasov, Petko"]
[Result "1/2-1/2"]
[WhiteElo "2395"]
[BlackElo "2370"]
[PlyCount "75"]
[EventDate "1988.??.??"]
[EventType "tourn"]
[EventRounds "11"]
[EventCountry "BUL"]
[SourceTitle "EXT 2004"]
[Source "ChessBase"]
[SourceDate "2003.11.25"]
[SourceVersion "1"]
[SourceVersionDate "2003.11.25"]
[SourceQuality "1"]

1. d4 Nf6 2. Nf3 d6 3. c4 Bg4 4. g3 c6 5. Bg2 h6 6. Nc3 Nbd7 7. 0-0 e5 8. b3 Be7 9. Bb2 0-0 10. h3 Bf5 11. Nh4 Bh7 12. e4 Qa5 13. Re1 Rfe8 14. a3 Rad8 15. d5 cxd5 16. cxd5 Rc8 17. b4 Qd8 18. Nf3 Nb6 19. Nd2 Nfd7 20. Rc1 a6 21. h4 Nc4 22. Nxc4 Rxc4 23. Qd3 b5 24. Nb1 Nb6 25. Nd2 Rxc1 26. Rxc1 g5 27. h5 Qd7 28. Rc6 Na4 29. Bc1 Rc8 30. Qc2 Rxc6 31. dxc6 Qc7 32. Nb3 d5 33. Na5 Nb6 34. Qe2 d4 35. Bd2 Kg7 36. Qd3 f6 37. Qc2 Bg8 38. Bf1 1/2-1/2

[Event "Pazardzhik"]
[Site "Pazardzik"]
[Date "1988.??.??"]
[Round "?"]
[White "Tosic, Miroslav"]
[Black "Atanasov, Petko"]
[Result "1-0"]
[WhiteElo "2395"]
[BlackElo "2370"]
[PlyCount "87"]
[EventDate "1988.??.??"]
[EventType "tourn"]
[EventRounds "9"]
[EventCountry "BUL"]
[SourceTitle "EXT 2004"]
[Source "ChessBase"]
[SourceDate "2003.11.25"]
[SourceVersion "1"]
[SourceVersionDate "2003.11.25"]
[SourceQuality "1"]

1. e4 e6 2. d4 d5 3. Nc3 Bb4 4. e5 Qd7 5. Bd2 b6 6. Nb5 Bxd2+ 7. Qxd2 Ne7 8. Nf3 0-0 9. Bd3 a6 10. Na3 c5 11. c3 Nbc6 12. 0-0 Nf5 13. Rac1 c4 14. Bb1 Qe7 15. Nc2 f6 16. Rce1 Bd7 17. Re2 Rae8 18. Nce1 fxe5 19. Nxe5 Nxe5 20. Rxe5 g6 21. f4 Nd6 22. Nf3 Qf6 23. g3 Nf7 24. Ree1 Kg7 25. h4 Bc8 26. Qh2 b5 27. Rf2 a5 28. g4 Kg8 29. g5 Qg7 30. Ref1 Nd6 31. Ne5 Nf5 32. Qh3 b4 33. Rh2 a4 34. a3 bxc3 35. bxc3 Re7 36. Bc2 Rb7 37. Rf3 Rb3 38. h5 gxh5 39. Qxh5 Rxa3 40. Rfh3 Ra1+ 41. Kf2 Ra2 42. Ke1 h6 43. Kd2 a3 44. gxh6 1-0

[Event "Ruse"]
[Site "Ruse"]
[Date "1987.??.??"]
[Round "?"]
[White "Kremenietsky, Anatoly M"]
[Black "Atanasov, Petko"]
[Result "1-0"]
[WhiteElo "2395"]
[BlackElo "2375"]
[PlyCount "121"]
[EventDate "1987.??.??"]
[EventType "tourn"]
[EventRounds "12"]
[EventCountry "BUL"]
[EventCategory "3"]
[SourceTitle "EXT 2002"]
[Source "ChessBase"]
[SourceDate "2001.11.25"]
[SourceVersion "1"]
[SourceVersionDate "2001.11.25"]
[SourceQuality "1"]

1. Nf3 Nf6 2. c4 d6 3. g3 e5 4. Bg2 c6 5. Nc3 Be7 6. 0-0 0-0 7. Qc2 Bg4 8. h3 Bh5 9. e3 Bg6 10. d3 Na6 11. e4 Nd7 12. d4 f5 13. Qe2 f4 14. d5 Bh5 15. Bd2 Nc7 16. b4 c5 17. a3 b6 18. Na4 Qc8 19. bxc5 bxc5 20. Nc3 Rb8 21. Rab1 Rxb1 22. Rxb1 Nb6 23. g4 Be8 24. Bf1 h5 25. g5 Bd7 26. Kh2 g6 27. Qd3 Bd8 28. Qc2 Kg7 29. a4 Bg4 30. Ng1 Bxg5 31. a5 Nba8 32. Qb3 a6 33. Qb7 Qxb7 34. Rxb7 Bd7 35. Nf3 Be7 36. h4 Bc8 37. Rb1 Bd7 38. Bh3 Bg4 39. Ng5 Bxg5 40. hxg5 Kf7 41. Rb7 Bc8 42. Bxc8 Rxc8 43. Na4 Kf8 44. Nb6 Rd8 45. Ra7 Ke8 46. Kg2 Rb8 47. Nxa8 Nxa8 48. Rg7 Kf8 49. Rxg6 Rd8 50. Rh6 Kg7 51. Bc3 Kg8 52. f3 Nc7 53. Be1 Ne8 54. Bh4 Rd7 55. Kh3 Rg7 56. Rxh5 Kf7 57. Rh6 Rg6 58. Kg4 Rg8 59. Bf2 Rg6 60. Rh1 Rg7 61. Kf5 1-0

[Event "Varna-24"]
[Site "Varna"]
[Date "1985.05.18"]
[Round "11"]
[White "Atanasov, Petko"]
[Black "Ubilava, Elizbar"]
[Result "0-1"]
[WhiteElo "2405"]
[BlackElo "2465"]
[PlyCount "90"]
[EventDate "1985.05.06"]
[EventType "tourn"]
[EventRounds "11"]
[EventCountry "BUL"]
[EventCategory "8"]
[SourceTitle "MCD"]
[Source "ChessBase"]
[SourceDate "1999.07.01"]
[SourceVersion "1"]
[SourceVersionDate "1999.07.01"]
[SourceQuality "1"]

1. e4 c5 2. Nf3 d6 3. Bb5+ Nd7 4. 0-0 a6 5. Bxd7+ Bxd7 6. Nc3 e6 7. b3 Nf6 8. Bb2 Be7 9. d3 0-0 10. Ne2 Bc6 11. Re1 b5 12. Nf4 Qc7 13. Qd2 a5 14. h3 a4 15. a3 axb3 16. cxb3 Qb7 17. Nh2 c4 18. Ng4 Nxg4 19. hxg4 e5 20. Nh5 cxb3 21. Ng3 Bd7 22. d4 Bxg4 23. dxe5 dxe5 24. Bxe5 Be6 25. Nf5 f6 26. Bb2 Bc5 27. Qf4 Rad8 28. Rec1 Qa7 29. Rc3 Bxf2+ 30. Kh1 Bxf5 31. Qxf5 Bd4 32. Rxb3 Bxb2 33. Rxb2 Qd4 34. Rab1 Rfe8 35. Rb4 Qe3 36. Qxb5 Re5 37. Qc4+ Kh8 38. Rb5 Rxe4 39. Rb8 Qe1+ 40. Rxe1 Rxe1+ 41. Kh2 Rxb8 42. Qc7 Ra8 43. Qc6 Ree8 44. a4 Rad8 45. Qb6 Rd5 0-1

[Event "Varna-24"]
[Site "Varna"]
[Date "1985.05.14"]
[Round "8"]
[White "Donchev, Dimitar I"]
[Black "Atanasov, Petko"]
[Result "1/2-1/2"]
[WhiteElo "2450"]
[BlackElo "2405"]
[PlyCount "47"]
[EventDate "1985.05.06"]
[EventType "tourn"]
[EventRounds "11"]
[EventCountry "BUL"]
[EventCategory "8"]
[SourceTitle "MCD"]
[Source "ChessBase"]
[SourceDate "1999.07.01"]
[SourceVersion "1"]
[SourceVersionDate "1999.07.01"]
[SourceQuality "1"]

1. d4 Nf6 2. c4 g6 3. g3 Bg7 4. Bg2 0-0 5. Nc3 d6 6. Nf3 Nc6 7. 0-0 Bg4 8. b3 Nd7 9. Be3 e5 10. dxe5 Bxf3 11. exf3 dxe5 12. Rc1 Nd4 13. f4 c6 14. fxe5 Nf5 15. e6 Nxe3 16. fxe3 fxe6 17. Ne4 Rxf1+ 18. Bxf1 Ne5 19. Qxd8+ Rxd8 20. Be2 Bh6 21. Rc3 Kf7 22. Kg2 Ke7 23. g4 Nf7 24. h4 1/2-1/2

[Event "Kamen Piskov Memorial-04"]
[Site "Ruse"]
[Date "1984.06.??"]
[Round "9"]
[White "Atanasov, Petko"]
[Black "Bitman, Alexander R"]
[Result "0-1"]
[WhiteElo "2420"]
[BlackElo "2365"]
[PlyCount "102"]
[EventDate "1984.06.??"]
[EventType "tourn"]
[EventRounds "15"]
[EventCountry "BUL"]
[EventCategory "5"]
[SourceTitle "EXT 1998"]
[Source "ChessBase"]
[SourceDate "1997.11.17"]
[SourceVersion "1"]
[SourceVersionDate "1997.11.17"]
[SourceQuality "1"]

1. d4 Nf6 2. Nc3 g6 3. e4 d6 4. Bg5 Bg7 5. Qd2 c6 6. f4 b5 7. Bd3 0-0 8. Nf3 Bg4 9. e5 b4 10. Ne2 Bxf3 11. gxf3 Nd5 12. Bh4 Bh6 13. Be4 Nxf4 14. Nxf4 dxe5 15. Qxb4 exf4 16. 0-0-0 Na6 17. Qc4 Nc7 18. Bxc6 Rc8 19. d5 Ne8 20. Rhe1 Nd6 21. Qe2 f6 22. Qe6+ Kh8 23. Bf2 Rc7 24. Bc5 Bg7 25. Bb4 f5 26. Rd3 g5 27. b3 Rf6 28. Qe2 Rh6 29. Ba5 Bf6 30. c4 Qb8 31. c5 Nf7 32. Rd2 Rc8 33. Rc2 Rg8 34. Bd7 g4 35. fxg4 f3 36. Qxf3 Ne5 37. Qxf5 Rg5 38. Qe6 Nd3+ 39. Kd1 Nxe1 40. Bxe1 Qf4 41. Bg3 Qf3+ 42. Qe2 Rxd5+ 43. Rd2 Qh1+ 44. Be1 Rxd2+ 45. Qxd2 Rxh2 46. Qd3 Rxa2 47. Be6 Ra1+ 48. Kc2 Rc1+ 49. Kxc1 Qxe1+ 50. Kc2 Qxe6 51. Qf3 Kg7 0-1

[Event "Kamen Piskov Memorial-04"]
[Site "Ruse"]
[Date "1984.06.??"]
[Round "8"]
[White "Lalev, Dimitar"]
[Black "Atanasov, Petko"]
[Result "1/2-1/2"]
[WhiteElo "2420"]
[BlackElo "2420"]
[PlyCount "53"]
[EventDate "1984.06.??"]
[EventType "tourn"]
[EventRounds "15"]
[EventCountry "BUL"]
[EventCategory "5"]
[SourceTitle "EXT 1998"]
[Source "ChessBase"]
[SourceDate "1997.11.17"]
[SourceVersion "1"]
[SourceVersionDate "1997.11.17"]
[SourceQuality "1"]

1. d4 Nf6 2. c4 g6 3. Nc3 Bg7 4. e4 d6 5. f3 0-0 6. Bg5 c5 7. d5 e6 8. Qd2 exd5 9. cxd5 a6 10. a4 Re8 11. Nge2 Nbd7 12. Nc1 h6 13. Be3 Nh7 14. Nd3 Rb8 15. Nf2 h5 16. Be2 Ne5 17. 0-0 f5 18. Rab1 b5 19. axb5 axb5 20. b4 c4 21. Ra1 Qf6 22. Ra3 Nf7 23. f4 Re7 24. Rc1 fxe4 25. Nfxe4 Qf5 26. Ng3 Qf6 27. Nge4 1/2-1/2

[Event "Kamen Piskov Memorial-03"]
[Site "Ruse"]
[Date "1983.06.??"]
[Round "3"]
[White "Bitman, Alexander R"]
[Black "Atanasov, Petko"]
[Result "1-0"]
[WhiteElo "2370"]
[BlackElo "2400"]
[PlyCount "85"]
[EventDate "1983.06.??"]
[EventType "tourn"]
[EventRounds "13"]
[EventCountry "BUL"]
[EventCategory "5"]
[SourceTitle "EXT 1998"]
[Source "ChessBase"]
[SourceDate "1997.11.17"]
[SourceVersion "1"]
[SourceVersionDate "1997.11.17"]
[SourceQuality "1"]

1. e4 e6 2. d3 d5 3. Nd2 Nf6 4. Ngf3 c5 5. g3 Nc6 6. Bg2 Be7 7. 0-0 b6 8. Re1 Bb7 9. c3 Qc7 10. a3 h6 11. b4 dxe4 12. dxe4 g5 13. e5 Nd7 14. Nc4 0-0-0 15. Nd6+ Bxd6 16. exd6 Qb8 17. Be3 Nce5 18. Nxe5 Nxe5 19. f4 Bxg2 20. fxe5 Ba8 21. Kf2 Qb7 22. Rf1 f6 23. exf6 Rxd6 24. Qe2 Rf8 25. Ke1 e5 26. Rd1 Rxd1+ 27. Kxd1 Qd5+ 28. Ke1 c4 29. Qg4+ Kc7 30. Qf5 Qe4 31. Qxe4 Bxe4 32. h4 Bd3 33. Rf2 gxh4 34. gxh4 Kd7 35. Bxh6 Rf7 36. Bg7 Ke6 37. Kd2 Bh7 38. Ke3 Bg6 39. Rg2 Bh7 40. Rd2 Bd3 41. h5 Rd7 42. h6 Kf7 43. h7 1-0

[Event "Kamen Piskov Memorial-03"]
[Site "Ruse"]
[Date "1983.06.??"]
[Round "5"]
[White "Kirov, Nino"]
[Black "Atanasov, Petko"]
[Result "1/2-1/2"]
[WhiteElo "2425"]
[BlackElo "2400"]
[PlyCount "23"]
[EventDate "1983.06.??"]
[EventType "tourn"]
[EventRounds "13"]
[EventCountry "BUL"]
[EventCategory "5"]
[SourceTitle "EXT 1998"]
[Source "ChessBase"]
[SourceDate "1997.11.17"]
[SourceVersion "1"]
[SourceVersionDate "1997.11.17"]
[SourceQuality "1"]

1. Nf3 g6 2. d4 Bg7 3. c3 d6 4. e4 Nd7 5. Bd3 e5 6. dxe5 Nxe5 7. Nxe5 dxe5 8. Bb5+ Bd7 9. Qxd7+ Qxd7 10. Bxd7+ Kxd7 11. Na3 Nf6 12. f3 1/2-1/2

[Event "Varna-22"]
[Site "Varna"]
[Date "1983.05.??"]
[Round "8"]
[White "Atanasov, Petko"]
[Black "Lalev, Dimitar"]
[Result "0-1"]
[WhiteElo "2400"]
[BlackElo "2385"]
[PlyCount "92"]
[EventDate "1983.05.??"]
[EventType "tourn"]
[EventRounds "13"]
[EventCountry "BUL"]
[EventCategory "8"]
[SourceTitle "MCD"]
[Source "ChessBase"]
[SourceDate "1999.07.01"]
[SourceVersion "1"]
[SourceVersionDate "1999.07.01"]
[SourceQuality "1"]

1. e4 c5 2. Nf3 e6 3. d4 cxd4 4. Nxd4 d6 5. Nc3 a6 6. g3 Nf6 7. Bg2 Be7 8. 0-0 0-0 9. h3 Qc7 10. Be3 Nc6 11. Nce2 Nxd4 12. Bxd4 Bd7 13. Re1 Bc6 14. Nc3 b5 15. a3 Rfd8 16. Qe2 Qb7 17. Nd1 Nd7 18. f4 e5 19. Bc3 exf4 20. gxf4 Re8 21. Ne3 Bf8 22. Qg4 g6 23. Nf5 Bxe4 24. Rxe4 Rxe4 25. Ng3 d5 26. Bxe4 dxe4 27. Rd1 Qb6+ 28. Kg2 Nf6 29. Qg5 Bg7 30. Qe5 Qe3 31. Rd3 Qa7 32. Rd1 Re8 33. Qd6 Qe3 34. Rf1 Nh5 35. Nxh5 Bxc3 36. bxc3 Qe2+ 37. Rf2 Qxh5 38. Qd7 Rf8 39. f5 Qg5+ 40. Kh2 e3 41. Re2 Qf4+ 42. Kg2 Qg5+ 43. Kh2 Rd8 44. Qc6 Rd1 45. Qe8+ Kg7 46. Qxe3 Qxf5 0-1

[Event "Varna-22"]
[Site "Varna"]
[Date "1983.05.??"]
[Round "9"]
[White "Espig, Lutz"]
[Black "Atanasov, Petko"]
[Result "1-0"]
[WhiteElo "2425"]
[BlackElo "2400"]
[PlyCount "85"]
[EventDate "1983.05.??"]
[EventType "tourn"]
[EventRounds "13"]
[EventCountry "BUL"]
[EventCategory "8"]
[SourceTitle "MCD"]
[Source "ChessBase"]
[SourceDate "1999.07.01"]
[SourceVersion "1"]
[SourceVersionDate "1999.07.01"]
[SourceQuality "1"]

1. Nf3 Nf6 2. d4 d5 3. c4 e6 4. g3 Be7 5. Bg2 0-0 6. 0-0 Nbd7 7. Qc2 c5 8. cxd5 Nxd5 9. Nc3 Nxc3 10. bxc3 Qc7 11. Bf4 Bd6 12. Bxd6 Qxd6 13. Rfd1 Rb8 14. Ng5 g6 15. Qe4 h6 16. dxc5 Qe7 17. c6 bxc6 18. Nf3 c5 19. Qa4 a6 20. Qf4 Qf6 21. Qxh6 Qxc3 22. e4 Qf6 23. Qe3 Ne5 24. Nxe5 Qxe5 25. Rac1 Rb5 26. a4 Ra5 27. Rc4 Bb7 28. Rdc1 Rc8 29. Qe1 Qc7 30. h4 Rd8 31. Qe3 Qd7 32. Qg5 Qd2 33. Qe7 Bc6 34. h5 Rd7 35. Qf6 gxh5 36. Rxc5 Rxc5 37. Rxc5 Bb7 38. Kh2 Qd4 39. Rg5+ Kf8 40. e5 Qd1 41. Qh6+ Ke7 42. Rg8 Rd5 43. Qf8+ 1-0

[Event "Varna-22"]
[Site "Varna"]
[Date "1983.05.??"]
[Round "1"]
[White "Georgiev, Krum"]
[Black "Atanasov, Petko"]
[Result "1/2-1/2"]
[WhiteElo "2440"]
[BlackElo "2400"]
[PlyCount "93"]
[EventDate "1983.05.??"]
[EventType "tourn"]
[EventRounds "13"]
[EventCountry "BUL"]
[EventCategory "8"]
[SourceTitle "MCD"]
[Source "ChessBase"]
[SourceDate "1999.07.01"]
[SourceVersion "1"]
[SourceVersionDate "1999.07.01"]
[SourceQuality "1"]

1. d4 d5 2. c4 e6 3. Nc3 Nf6 4. Nf3 Nbd7 5. Bg5 c6 6. cxd5 exd5 7. e3 Be7 8. Bd3 0-0 9. Qc2 Re8 10. 0-0 Nf8 11. Rae1 Nh5 12. Bxe7 Rxe7 13. b4 Qd6 14. b5 Ng6 15. bxc6 bxc6 16. Ne2 Bg4 17. Nd2 Rae8 18. Rc1 Rc7 19. Ng3 Nxg3 20. hxg3 Nf8 21. Rfe1 h5 22. Qc3 Qh6 23. e4 dxe4 24. Rxe4 Rd8 25. Re5 Be6 26. Be4 Nd7 27. Qa5 Nxe5 28. Qxc7 Rc8 29. Qxe5 Qxd2 30. Rc5 Rd8 31. Bxc6 Qxd4 32. Qxd4 Rxd4 33. Ra5 Rd1+ 34. Kh2 Rd2 35. a4 Rc2 36. Bb7 Rxf2 37. Rxa7 Ra2 38. a5 g5 39. a6 Kg7 40. Ra8 Kf6 41. Rd8 h4 42. gxh4 gxh4 43. Kg1 h3 44. gxh3 Bxh3 45. Rd6+ Ke7 46. Rb6 Kd8 47. Bd5 1/2-1/2

[Event "Kamen Piskov Memorial-02"]
[Site "Ruse"]
[Date "1978.06.??"]
[Round "5"]
[White "Grigorov, Jordan N"]
[Black "Atanasov, Petko"]
[Result "1/2-1/2"]
[WhiteElo "2340"]
[BlackElo "2275"]
[PlyCount "27"]
[EventDate "1978.06.??"]
[EventType "tourn"]
[EventRounds "13"]
[EventCountry "BUL"]
[EventCategory "5"]
[SourceTitle "EXT 1998"]
[Source "ChessBase"]
[SourceDate "1997.11.17"]
[SourceVersion "1"]
[SourceVersionDate "1997.11.17"]
[SourceQuality "1"]

1. e4 e6 2. d4 d5 3. Nc3 dxe4 4. Nxe4 Nd7 5. g3 Ngf6 6. Bg2 Nxe4 7. Bxe4 Be7 8. Ne2 c6 9. 0-0 0-0 10. b3 e5 11. dxe5 Nxe5 12. Qxd8 Rxd8 13. Bf4 Bf6 14. Rad1 1/2-1/2

[Event "BUL-ch31"]
[Site "Sofia"]
[Date "1977.12.??"]
[Round "?"]
[White "Atanasov, Petko"]
[Black "Spiridonov, Nikola"]
[Result "1-0"]
[WhiteElo "2275"]
[BlackElo "2420"]
[PlyCount "63"]
[EventDate "1977.12.02"]
[EventType "tourn"]
[EventRounds "15"]
[EventCountry "BUL"]
[SourceTitle "EXT 2010"]
[Source "ChessBase"]
[SourceDate "2010.11.25"]
[SourceVersion "1"]
[SourceVersionDate "2010.11.25"]
[SourceQuality "1"]

1. e4 c6 2. d4 d5 3. exd5 cxd5 4. Bd3 Nc6 5. c3 Nf6 6. Bg5 Bg4 7. f3 Bh5 8. Ne2 e6 9. Nd2 Bg6 10. Nf1 Bxd3 11. Qxd3 Be7 12. Ne3 Rb8 13. 0-0 0-0 14. Bxf6 Bxf6 15. f4 g6 16. a4 Bg7 17. Kh1 Ne7 18. g4 f5 19. Ng3 Nc8 20. gxf5 gxf5 21. Rg1 Rf6 22. Ngxf5 exf5 23. Nxf5 Rg6 24. Nxg7 Rxg7 25. Rxg7+ Kxg7 26. Rg1+ Kf6 27. Qxh7 Ne7 28. Qh6+ Kf5 29. Rg5+ Ke4 30. Qh4 Ke3 31. Qh3+ Ke4 32. Re5+ 1-0

[Event "BUL-ch31"]
[Site "Sofia"]
[Date "1977.12.??"]
[Round "?"]
[White "Radulov, Ivan"]
[Black "Atanasov, Petko"]
[Result "1-0"]
[WhiteElo "2500"]
[BlackElo "2275"]
[PlyCount "49"]
[EventDate "1977.12.02"]
[EventType "tourn"]
[EventRounds "15"]
[EventCountry "BUL"]
[SourceTitle "EXT 2010"]
[Source "ChessBase"]
[SourceDate "2010.11.25"]
[SourceVersion "1"]
[SourceVersionDate "2010.11.25"]
[SourceQuality "1"]

1. e4 e6 2. d4 d5 3. Nd2 Nf6 4. e5 Nfd7 5. Bd3 b6 6. Ne2 Ba6 7. Bxa6 Nxa6 8. 0-0 c5 9. f4 g6 10. Nf3 Be7 11. Be3 Nb4 12. a3 Nc6 13. c4 dxc4 14. d5 exd5 15. Qxd5 Qc7 16. Nc3 0-0 17. Qxc4 Na5 18. Qe4 Qc6 19. Nd5 Rae8 20. b4 cxb4 21. axb4 Qc4 22. Qxc4 Nxc4 23. Bd4 Nb8 24. Rxa7 Bd8 25. b5 1-0